| 000 | 02220nam a22001697a 4500 | ||
|---|---|---|---|
| 005 | 20260306104730.0 | ||
| 008 | 260306b |||||||| |||| 00| 0 eng d | ||
| 020 | _a978-3-2118-1145-0 | ||
| 050 | _aQ360 .G35 1972 | ||
| 100 | _aGALLAGER, ROBERT. | ||
| 245 | _aINFORMATION THEORY AND RELIABLE COMMUNICATION. | ||
| 250 | _a | ||
| 260 |
_aNEW YORK, _bSPRINGER-VERLAG WIEN, _c1972. |
||
| 300 | _a114 P ILL | ||
| 650 | _aINFORMATION THEORY 2. TELECOMMUNICATION. | ||
| 942 |
_2lcc _cBK |
||
| 999 |
_c216799 _d216799 |
||